| 000 | 01251cam a22003495a 4500 | ||
|---|---|---|---|
| 999 |
_c19168 _d19140 |
||
| 001 | 17499186 | ||
| 003 | EG-ScBUE | ||
| 005 | 20210601115706.0 | ||
| 008 | 121018t2014 ctua f b 001 0 eng d | ||
| 020 | _a1133108679 (pbk.) | ||
| 020 | _a9781133108672 (pbk.) | ||
| 040 |
_aDLC _beng _erda _cDLC _dEG-ScBUE |
||
| 082 | 0 | 4 |
_a624.15136 _bDAS _222 |
| 100 | 1 |
_aDas, Braja M. , _d1941- _eauthor. _932610 |
|
| 245 | 1 | 0 |
_aPrinciples of geotechnical engineering / _cBraja M. Das, dean emeritus, California State University, Sacramento, Khaled Sobhan, Florida Atlantic University. |
| 250 | _aEighth edition. | ||
| 264 | 1 |
_aStamford, CT : _bCengage Learning, _c[2014] |
|
| 264 | 4 | _cc2014 | |
| 300 |
_axxi, 726 pages : _billustrations (some color) ; _c24 cm |
||
| 336 |
_2rdacontent _atext _btxt |
||
| 337 |
_2rdamedia _aunmediated _bn |
||
| 338 |
_2rdacarrier _avolume _bnc |
||
| 504 | _aIncludes bibliographical references and index. | ||
| 590 | _aMohamed Hussein reviewed by: Wessam | ||
| 650 | 7 |
_aSoil mechanics. _92673 _2BUEsh |
|
| 650 | 7 |
_aGeotechnical engineering. _937594 _2BUEsh |
|
| 651 | _2BUEsh | ||
| 653 |
_bENGCIV _cJune2021 |
||
| 655 |
_vReading book _934232 |
||
| 700 | 1 |
_aSobhan, Khaled, _eauthor. _937595 |
|
| 942 |
_2ddc _k624.15136 DAS _cBB |
||